00638cam a22001814a 45000010009000000050017000090080041000260100017000670200015000840500021000991000022001202450074001422600036002163000044002525000072002965040052003686500036004201214140020170207103130.0000814s2001 paua b 000 0 eng  a 00010817  a076431248000aNK4031 .T49 20011 aThompson, Amanda.10aCerámica :bMexican pottery of the 20th century /cAmanda Thompson. aAtglen, PA :bSchiffer,cc2001. a206, [2] p. :bcol. ill. ;c23 x 29 cm. a"In cooperation with the California Heritage Museum, Santa Monica." aIncludes bibliographical references (p. [207]). 0aPottery, Mexicany20th century.